• 首页
  • 本馆介绍
  • 公告通知
  • 最新文献
  • 馆藏检索
  • 电子资源
  • 读者导购
  • 参考咨询
  • 我的图书馆
  • 登录
  • 详细信息显示
  • 放入我的书架
  • 预约/预借图书
  • 作者相关作品
  • 分类相关作品
  • 丛书相关作品
  • 出版社相关作品

书目信息

  • 表格格式
  • 工作单格式
  • 卡片格式
书名: Principles of physics =
作者: Serway & Jewett :
分册号:
分册名:
出版地: Beijing :
 
出版社: Qinghua University Press
出版时间: 2004.
页数: 545 p. :
开本: 25 cm.
丛书名: 国际著名物理图书
中图分类号:
科图分类号:
其他分类号: O4
主题词:
电子资源:
000 00943nam 2200289 a 4500
001 E1139772667
005 20111208110958.39
008 040505r20042003cc a 001 0 eng d
020    @a7302076359 :@cCNY39.50.
040    @aCcBjTSG
090    @aO411@bS492
090    @aO4
096    @aO411
099    @dO4@ex75:1
100 1  @aSerway, Raymond A.
245 10 @aPrinciples of physics =@b物理学原理.@n上册 / @cSerway & Jewett : @kmonograph.
246 34 @aPrinciples of physics :@ba calculus-based text
246 31 @a物理学原理
246 34 @a物理学原理 :@b基于微积分的读本
250    @a第三版.
260    @aBeijing :@bQinghua University Press,@c2004.
300    @a545 p. :@bill. ;@c25 cm.
440  0 @a国际著名物理图书.@p影印版系列 ;@v1
500    @aIncludes index.
534    @pReprint. Originally published:@cMall West, PA : Thomson Learning, 2003,@b3rd ed.@z0030271576.
650  0 @aPhysics.
700 1  @aJewett, John W.
    
    Principles of physics = : 物理学原理.. 上册 / / Serway & Jewett : .-第三版.-Beijing : : Qinghua University Press, , 2004.
    545 p. : : ill. ; ; 25 cm.- (国际著名物理图书. 影印版系列 ; 1 )
    Includes index.
    
    ISBN 7302076359 :CNY39.50.
    
●
相关链接 在E读中查询图书 在五车中查询图书 在当当中查询图书 在豆瓣中查询图书


正题名:Principles of physics =     索取号:O4/x75:1         预约/预借

序号 登录号 条形码 馆藏地/架位号 状态 备注
1 17831   300178313   第二样本阅览室/ [索取号:O4/x75:1] 在馆    
2 17832   300178322   第四借阅区/ [索取号:O4/x75:1] 在馆    
3 17833   300178331   第四借阅区/ [索取号:O4/x75:1] 在馆    
4 17834   300178340   第四借阅区/ [索取号:O4/x75:1] 在馆    
唐山师范学院图书馆 欢迎您!
大连网信软件有限公司© 版权所有